| 000 | 00790cem a22001935a 4500 | ||
|---|---|---|---|
| 001 | L140354 | ||
| 008 | 070919s1812 jm a 0 eng u | ||
| 035 | _a(Sirsi) u140354 | ||
| 041 | 0 | _aeng | |
| 110 | 2 | _aPr. Stevenson and Smith | |
| 245 | 0 | 2 |
_aA Plan of Crescent Sugar Plantation in the Parish of Saint Mary County of Middlesex, Jamaica _b the property of C. Beckford Long Esquire surveyed at request of Joseph Green Esquire A. D. 1812 Pr. Stevenson and Smith Surveyors _h[cartographic material] |
| 255 | _aScale 1:7920 | ||
| 260 |
_aS.l. _bs.n. _c1812 |
||
| 300 |
_a1 map _bcol. _c52 x 70 cm. |
||
| 500 | _aInset gives references to land utilisation. | ||
| 651 | 4 | _aJamaica | |
| 690 | _aENVIRONMENTAL AND LAND CONSULTANCY-GEOMATICS-MAPPING AND POSITIONING-CARTOGRAPHY | ||
| 942 | _n0 | ||
| 999 |
_c116846 _d116846 |
||